000 00460nam a22001697a 4500
003 OSt
005 20140310182350.0
008 130930t xxu||||| |||| 00| 0 eng d
020 _a0725308494
050 _aPZ 7
_b.Sm635 1991
082 _aGS 823
_bSm1a 1988
245 _aAnd Alice did the walking /
_cMary Small
260 _aAustralia :
_bBookshelf Publishing,
_c1991.
300 _a31 p. :
_b21 cm.
_ccol. ill. ;
942 _2lcc
_cBK-GS
999 _c12347
_d12347